00289nam a2200121Ia 4500008004100000082001500041100001600056245004200072250000800114260002900122300000800151650000800159191201s2010 xx 000 0 und d a519.5bHOS aHOODA, R.P. 0aStatistics for Business and Economics a4th aN.DelhibMacmillanc2010 a855 aMBA